Biblioteca Fatec Adamantina

Visualização normal Visualização MARC

Entrada Personal Name

Número de registros usados em: 1

001 - CONTROL NUMBER

  • control field: 1121

003 - CONTROL NUMBER IDENTIFIER

  • control field: OSt

005 - DATE AND TIME OF LATEST TRANSACTION

  • control field: 20260417152944.0

008 - FIXED-LENGTH DATA ELEMENTS

  • fixed length control field: 260417|| aca||aabn | a|a d

040 ## - CATALOGING SOURCE

  • Original cataloging agency: OSt

100 1# - HEADING--PERSONAL NAME

  • Personal name: Cretella Júnior, José
  • Dates associated with a name: 1920-

400 ## - SEE FROM TRACING--PERSONAL NAME

  • Personal name: Cretella Júnior, J.
  • Dates associated with a name: 1920-
  • Fuller form of name: (José)

400 ## - SEE FROM TRACING--PERSONAL NAME

  • Personal name: Cretella, José
  • Dates associated with a name: 1920-

670 ## - SOURCE DATA FOUND

  • Source citation: BN on-line (17-04-2026)

Para mais informações envie um e-mail para [email protected].